[Event "Open La Lupa"]
[Site "Roma ITA"]
[Date "2010.05.09"]
[Round "1"]
[White "Battistelli, Alessandro"]
[Black "Marelli, Emanuele"]
[Result "1-0"]
[WhiteElo "1886"]
[BlackElo "1485"]
[PlyCount "92"]
[EventDate "2010.05.06"]

1. Nf3 Nf6 2. d4 e6 3. c4 Bb4+ 4. Bd2 Bxd2+ 5. Qxd2 O-O 6. Nc3 b6 7. g3 Bb7 8.
Bg2 d5 9. Ne5 Nbd7 10. Nxd7 Qxd7 11. O-O c5 12. dxc5 bxc5 13. cxd5 exd5 14.
Rfd1 Rfd8 15. e3 Rab8 16. Rac1 Qe6 17. Ne2 Qb6 18. b3 Ba6 19. Nc3 Ne4 20. Qc2
Nxc3 21. Qxc3 d4 22. Qxc5 Qxc5 23. Rxc5 d3 24. Bf1 Rb6 25. Rd2 Rbd6 26. b4 Rc8
27. Rxc8+ Bxc8 28. Rxd3 Rxd3 29. Bxd3 h6 30. Kf1 Kf8 31. a4 Ke7 32. Ke2 a6 33.
Kd2 Kd6 34. Bc4 f6 35. Kd3 Bb7 36. h4 g5 37. Kd4 Bc8 38. hxg5 hxg5 39. f4 g4
40. e4 Bb7 41. e5+ fxe5+ 42. fxe5+ Ke7 43. Be2 Bc8 44. Ke4 Kd8 45. Kf4 Bd7 46.
Bxa6 Bxa4 1-0

[Event "Open La Lupa"]
[Site "Roma ITA"]
[Date "2010.05.09"]
[Round "1"]
[White "Bogosaljevic, Miodrag"]
[Black "Zarfati, Daniele"]
[Result "1-0"]
[WhiteElo "1898"]
[BlackElo "1568"]
[PlyCount "79"]
[EventDate "2010.05.06"]

1. e4 c5 2. Nf3 d6 3. d4 cxd4 4. Nxd4 Nf6 5. Nc3 e6 6. f4 Be7 7. Bc4 Nbd7 8.
O-O a6 9. Qf3 Qc7 10. Bb3 b5 11. a3 Bb7 12. f5 e5 13. Nde2 Nc5 14. Bd5 Rc8 15.
Bxb7 Qxb7 16. Ng3 Bd8 17. Bg5 Qa7 18. Kh1 Ncd7 19. Rad1 Qc5 20. Rd2 Rc6 21.
Rfd1 Bc7 22. Nf1 b4 23. Nd5 Ba5 24. axb4 Bxb4 25. c3 a5 26. Nfe3 Qb5 27. cxb4
axb4 28. Bxf6 Nxf6 29. Nxf6+ gxf6 30. Nd5 Kd7 31. Nxf6+ Kc7 32. Qb3 Rc8 33.
Qxf7+ Kb8 34. Nd7+ Kb7 35. Nc5+ Kb8 36. Nb3 R8c7 37. Qh5 Qa4 38. Qf3 Qa6 39. g4
Qb7 40. Na5 1-0

[Event "Open La Lupa"]
[Site "Roma ITA"]
[Date "2010.05.09"]
[Round "1"]
[White "Bolla, Vittorio"]
[Black "Dorascenzi, Angelo"]
[Result "1-0"]
[WhiteElo "1773"]
[BlackElo "1428"]
[PlyCount "63"]
[EventDate "2010.05.06"]

1. Nf3 d5 2. d4 Nf6 3. Nbd2 e6 4. e3 Bd6 5. Bd3 O-O 6. O-O Re8 7. c4 c5 8. cxd5
Nxd5 9. Qc2 h6 10. a3 cxd4 11. Nxd4 a6 12. Nc4 Qc7 13. Nxd6 Qxd6 14. Bd2 Bd7
15. Rac1 Nc6 16. Nf3 Rac8 17. Qb3 Na5 18. Bxa5 b6 19. Bd2 b5 20. Rfd1 Bc6 21.
Be2 Qb8 22. Nd4 Qa8 23. Nxc6 Rxc6 24. Rxc6 Qxc6 25. Rc1 Qd7 26. Qc2 Nb6 27. Ba5
Rc8 28. Qd1 Rxc1 29. Qxc1 Nc4 30. Bxc4 bxc4 31. g3 Qb5 32. Qd2 1-0

[Event "Open La Lupa"]
[Site "Roma ITA"]
[Date "2010.05.09"]
[Round "1"]
[White "Brescia, Francesco"]
[Black "Castellano, Lorenzo"]
[Result "0-1"]
[WhiteElo "1458"]
[BlackElo "1869"]
[PlyCount "38"]
[EventDate "2010.05.06"]

1. e4 c5 2. Nf3 a6 3. d4 cxd4 4. Nxd4 Nf6 5. Nc3 e5 6. Nb3 Bb4 7. Bd3 d5 8.
exd5 Nxd5 9. Bd2 Nxc3 10. bxc3 Bd6 11. a4 Be6 12. O-O O-O 13. Kh1 Nc6 14. f4 f5
15. fxe5 Bxe5 16. Nc5 Bd5 17. Rxf5 Rxf5 18. Bxf5 Qh4 19. Bh3 Qxh3 0-1

[Event "Open La Lupa"]
[Site "Roma ITA"]
[Date "2010.05.09"]
[Round "1"]
[White "Cannavo', Giuseppe"]
[Black "Di Dario, Dario"]
[Result "0-1"]
[WhiteElo "1386"]
[BlackElo "1773"]
[PlyCount "79"]
[EventDate "2010.05.06"]

1. e4 c5 2. Nc3 Nc6 3. Nf3 e6 4. Bb5 Qc7 5. a3 Nf6 6. h3 Nd4 7. a4 a6 8. Bd3
Be7 9. b3 O-O 10. O-O b6 11. Re1 Bb7 12. Ba3 d6 13. Be2 Nxe4 14. Nxe4 Bxe4 15.
Nxd4 cxd4 16. Bd3 Qb7 17. Bb2 Bf6 18. Rb1 Bxg2 19. Qg4 Bf3 20. Be4 Bxe4 21.
Rxe4 e5 22. Qg2 Rac8 23. Rg4 Qxg2+ 24. Rxg2 Rxc2 25. Bc1 Rfc8 26. Ba3 R8c6 27.
Kh2 Rxd2 28. Rc1 Rxc1 29. Bxc1 Rc2 30. Ba3 d5 31. b4 d3 32. Kg1 d2 33. Kh2 d1=Q
34. b5 Qd4 35. Kg1 e4 36. Bd6 Rc1+ 37. Kh2 Be5+ 38. Bxe5 Qxe5+ 39. Rg3 e3 40.
fxe3 0-1

[Event "Open La Lupa"]
[Site "Roma ITA"]
[Date "2010.05.09"]
[Round "1"]
[White "Carconi, Massimo"]
[Black "Quimi, Marco"]
[Result "0-1"]
[WhiteElo "1725"]
[BlackElo "2163"]
[PlyCount "70"]
[EventDate "2010.05.06"]

1. e4 e5 2. Nf3 d6 3. h3 Nf6 4. Nc3 Nc6 5. Bb5 Bd7 6. Ne2 g6 7. d3 Bg7 8. c3 a6
9. Ba4 O-O 10. O-O b5 11. Bb3 Na5 12. Bc2 c5 13. Be3 Re8 14. Qd2 Qc7 15. Rac1
d5 16. exd5 Nxd5 17. Bh6 Bh8 18. b4 Nb7 19. c4 Nxb4 20. cxb5 Bxb5 21. Bb1 Qd6
22. Nc3 e4 23. dxe4 Qxd2 24. Bxd2 Rad8 25. a3 Na5 26. axb4 Nb3 27. Ba2 Nxc1 28.
Nxb5 axb5 29. bxc5 Rxe4 30. Bc3 Bxc3 31. Rxc1 Ra4 32. Bb3 Rb4 33. Ba2 Rb2 34.
Rxc3 Rd1+ 35. Kh2 b4 0-1

[Event "Open La Lupa"]
[Site "Roma ITA"]
[Date "2010.05.09"]
[Round "1"]
[White "Casella, Carlo"]
[Black "Catalini, Giampiero"]
[Result "0-1"]
[WhiteElo "1679"]
[BlackElo "1958"]
[PlyCount "152"]
[EventDate "2010.05.06"]

1. e4 c6 2. d4 d5 3. exd5 cxd5 4. c4 Nf6 5. Nc3 Nc6 6. Nf3 Bg4 7. Be3 e6 8.
cxd5 Nxd5 9. Be2 Be7 10. O-O Bf6 11. Qb3 O-O 12. Nxd5 Qxd5 13. Qxd5 exd5 14.
Rfd1 Rac8 15. h3 Bh5 16. g4 Bg6 17. Bd3 Be4 18. Bxe4 dxe4 19. Nd2 Bxd4 20. Bxd4
Nxd4 21. Nxe4 Rfd8 22. Nc3 Kf8 23. Kg2 Ne6 24. Rxd8+ Rxd8 25. Rd1 Rxd1 26. Nxd1
Ke7 27. Nc3 a6 28. Kg3 Kd6 29. f4 Nc5 30. Kf3 g6 31. Ke3 f5 32. g5 b5 33. a3
Nb3 34. h4 Na5 35. Kd4 Nc4 36. Nd1 Nd2 37. Ke3 Ne4 38. Kd4 Ng3 39. Ke3 Kc5 40.
Kd3 Nh5 41. Ke3 Kc4 42. Nf2 Kb3 43. Nd3 Kc2 44. Ke2 Ng3+ 45. Ke3 Ne4 46. Kd4 a5
47. b4 axb4 48. axb4 Nd2 49. Ke3 Ne4 50. Kd4 Nd2 51. Ke3 Kc3 52. Ne5 Ne4 53.
Ke2 Nd6 54. Nc6 Ne4 55. Ke3 Kc4 56. Ke2 Nc3+ 57. Kd2 Nd5 58. Ne5+ Kxb4 59. Nd3+
Kc4 60. Nb2+ Kd4 61. Nd3 Ke4 62. Nc5+ Kxf4 63. Ne6+ Kg4 64. Nf8 Kxh4 65. Nxh7
f4 66. Nf6 Ne7 67. Ne4 Kg4 68. Nd6 b4 69. Ne4 f3 70. Ke3 b3 71. Kd3 Nf5 72. Kc3
Kf4 73. Nf2 Kxg5 74. Kxb3 Kf4 75. Kc3 Ke3 76. Ng4+ Ke2 0-1

[Event "Open La Lupa"]
[Site "Roma ITA"]
[Date "2010.05.09"]
[Round "1"]
[White "Lami, Damiano"]
[Black "Pedrinzani, Ivano"]
[Result "1/2-1/2"]
[WhiteElo "1494"]
[BlackElo "1896"]
[PlyCount "102"]
[EventDate "2010.05.06"]

1. e4 g6 2. d4 Bg7 3. c3 c6 4. Bd3 d5 5. exd5 Qxd5 6. Qf3 Nf6 7. Nd2 Bg4 8.
Qxd5 Nxd5 9. h3 Be6 10. Ndf3 h6 11. Ne2 Nd7 12. Nf4 Nxf4 13. Bxf4 Nf6 14. Be5
O-O 15. O-O Nd5 16. Bxg7 Kxg7 17. Rfe1 Nf4 18. Bc2 Rfe8 19. Kh2 Bd5 20. Be4
Rac8 21. g3 Nh5 22. Bxd5 cxd5 23. Re5 e6 24. Rae1 Nf6 25. Nd2 b5 26. Nb3 Nd7
27. R5e2 Rc7 28. Nc1 a5 29. a3 Rec8 30. Nd3 Rc4 31. Re3 R4c7 32. f4 h5 33. Kg2
Nb6 34. Nc5 Nc4 35. R3e2 Nd6 36. Kf2 Nb7 37. Nxb7 Rxb7 38. g4 hxg4 39. hxg4 b4
40. cxb4 axb4 41. a4 b3 42. Ra1 Rc4 43. Ke3 Rbb4 44. a5 Rxd4 45. a6 Ra4 46. Rd1
Re4+ 47. Kd3 Rxf4 48. a7 Rfd4+ 49. Kc3 Rdc4+ 50. Kxb3 Rcb4+ 51. Kc2 Re4 1/2-1/2

[Event "Open La Lupa"]
[Site "Roma ITA"]
[Date "2010.05.09"]
[Round "1"]
[White "Marta, Daniele"]
[Black "Pardo, Paolo"]
[Result "1/2-1/2"]
[WhiteElo "2055"]
[BlackElo "1706"]
[PlyCount "101"]
[EventDate "2010.05.06"]

1. d4 Nf6 2. c4 e6 3. Nf3 d5 4. g3 Be7 5. Bg2 O-O 6. O-O dxc4 7. Qc2 a6 8. Qxc4
b5 9. Qc2 Bb7 10. Bf4 Nd5 11. Bd2 Nf6 12. Nc3 Nbd7 13. Rad1 c5 14. dxc5 Bxc5
15. Bg5 Qb6 16. e4 Rac8 17. Qe2 Rfe8 18. a3 Bxa3 19. e5 Bxf3 20. Bxf3 Nxe5 21.
Qxe5 Bxb2 22. Nd5 Qxf2+ 23. Rxf2 Bxe5 24. Nxf6+ gxf6 25. Be3 a5 26. Ra2 Bc3 27.
Rb1 Bb4 28. Be2 Rb8 29. Rc2 Re7 30. Bh6 Reb7 31. Rc6 Bf8 32. Bxf8 Kxf8 33. Rc5
Ke7 34. Rcxb5 Rxb5 35. Rxb5 Rxb5 36. Bxb5 Kd6 37. Kf2 Kc5 38. Be8 Kb4 39. Bxf7
e5 40. Ke3 a4 41. Kd3 a3 42. g4 h6 43. Bd5 Kc5 44. Ba2 Kb4 45. Kc2 Kc5 46. Kc3
Kb5 47. Bf7 Kc5 48. Bc4 Kd6 49. Kb4 e4 50. Kxa3 Ke5 51. Kb4 1/2-1/2

[Event "Open La Lupa"]
[Site "Roma ITA"]
[Date "2010.05.09"]
[Round "1"]
[White "Napoli, Alessandro"]
[Black "Vannelli, Vittorio"]
[Result "0-1"]
[WhiteElo "1431"]
[BlackElo "1810"]
[PlyCount "48"]
[EventDate "2010.05.06"]

1. e4 c5 2. Nf3 Nc6 3. d4 cxd4 4. Nxd4 d6 5. Nc3 Nf6 6. Be3 e6 7. Bd3 Be7 8. f4
Qb6 9. Na4 Qa5+ 10. c3 Nxd4 11. b4 Qc7 12. cxd4 d5 13. Bb5+ Bd7 14. Bxd7+ Qxd7
15. Rb1 Nxe4 16. Nc5 Bxc5 17. dxc5 Nc3 18. Qd4 Nxb1 19. Qxg7 O-O-O 20. Qb2 d4
21. Bf2 Nc3 22. O-O Rhg8 23. Re1 Qd5 24. Ra1 Qxg2# 0-1

[Event "Open La Lupa"]
[Site "Roma ITA"]
[Date "2010.05.09"]
[Round "1"]
[White "Prudenzano, Ruggero"]
[Black "Crucioli, Marco"]
[Result "1-0"]
[WhiteElo "1930"]
[BlackElo "1646"]
[PlyCount "67"]
[EventDate "2010.05.06"]

1. f4 e5 2. e4 exf4 3. Nf3 Be7 4. Bc4 Bh4+ 5. g3 fxg3 6. O-O gxh2+ 7. Kh1 d5 8.
exd5 Be7 9. d4 Bg4 10. Nc3 Nf6 11. Qd3 Bxf3+ 12. Qxf3 O-O 13. Bf4 a6 14. Rae1
Bd6 15. Be5 Nbd7 16. Qg2 b5 17. Bd3 b4 18. Ne4 Be7 19. Ng3 Ne8 20. Qxh2 g6 21.
Nf5 f6 22. Nxe7+ Qxe7 23. Bxc7 Qg7 24. d6 Kh8 25. Re7 Rf7 26. Rfe1 Nxc7 27.
Rxf7 Qxf7 28. Re7 Qd5+ 29. Be4 Qg8 30. dxc7 Nb6 31. Bxa8 Qxa8+ 32. Kg1 h5 33.
Qd6 Nd5 34. Qd8+ 1-0

[Event "Open La Lupa"]
[Site "Roma ITA"]
[Date "2010.05.09"]
[Round "1"]
[White "Romano, Marco Motraz"]
[Black "De Carolis, Maurizio"]
[Result "0-1"]
[WhiteElo "1615"]
[BlackElo "1902"]
[PlyCount "107"]
[EventDate "2010.05.06"]

1. e4 b6 2. d4 Bb7 3. Nc3 e6 4. Nf3 c5 5. d5 exd5 6. Nxd5 Nf6 7. Bf4 Nxd5 8.
exd5 Qe7+ 9. Be2 Qe4 10. Bg3 Qxd5 11. O-O Be7 12. Re1 O-O 13. Qxd5 Bxd5 14.
Rad1 Be6 15. Ne5 a6 16. Bf3 Ra7 17. b3 Bf6 18. c4 b5 19. Bd5 b4 20. h3 a5 21.
Ng4 Bd4 22. Be5 Bxe5 23. Nxe5 g6 24. Re3 Kg7 25. g4 Na6 26. Bxe6 dxe6 27. Nc6
Rc7 28. Rd6 Ra8 29. h4 Rac8 30. Ne5 Nb8 31. g5 Ra7 32. Kg2 Rcc7 33. Red3 a4 34.
Kf3 axb3 35. axb3 Rc8 36. Kf4 Rac7 37. Ng4 Nc6 38. Nf6 Nd4 39. Kg4 h5+ 40. Kf4
Kf8 41. Ke5 Ke7 42. Ne4 Nf5 43. Ra6 Nxh4 44. Ng3 Rc6 45. Ra7+ R8c7 46. Ra8 Rc8
47. Ra7+ R6c7 48. Ra6 Rd8 49. Rxd8 Kxd8 50. Kf6 Nf3 51. Ra8+ Kd7 52. Kxf7 h4
53. Nf1 Ne5+ 54. Kf6 0-1

[Event "Open La Lupa"]
[Site "Roma ITA"]
[Date "2010.05.11"]
[Round "2"]
[White "Castellano, Lorenzo"]
[Black "Prudenzano, Ruggero"]
[Result "1-0"]
[WhiteElo "1869"]
[BlackElo "1930"]
[PlyCount "73"]
[EventDate "2010.05.06"]

1. e4 c5 2. Nc3 Nc6 3. f4 e6 4. Nf3 g6 5. Bb5 Nge7 6. O-O Bg7 7. d3 O-O 8. Qe1
d5 9. Bxc6 Nxc6 10. e5 a6 11. a3 b5 12. Qf2 Qe7 13. Ne2 f6 14. exf6 Bxf6 15.
Re1 Bd7 16. Ng3 Nd4 17. c3 Nb3 18. Rb1 Qd6 19. Qc2 Nxc1 20. Qxc1 Rae8 21. Ne5
Bc8 22. d4 c4 23. Qd1 Bg7 24. Qg4 a5 25. h4 Bxe5 26. Rxe5 Kh8 27. h5 Rf6 28.
Rd1 Ref8 29. Rf1 b4 30. axb4 axb4 31. h6 bxc3 32. bxc3 Qa3 33. Nh5 Qxc3 34.
Nxf6 Qxd4+ 35. Kh1 Rxf6 36. Qg5 Qa7 37. Qxf6+ 1-0

[Event "Open La Lupa"]
[Site "Roma ITA"]
[Date "2010.05.11"]
[Round "2"]
[White "Crucioli, Marco"]
[Black "Brescia, Francesco"]
[Result "0-1"]
[WhiteElo "1646"]
[BlackElo "1458"]
[PlyCount "74"]
[EventDate "2010.05.06"]

1. e4 c5 2. d3 Nf6 3. Ne2 Nc6 4. Ng3 d5 5. Nd2 e6 6. c3 Be7 7. Be2 O-O 8. O-O
d4 9. c4 Rb8 10. f4 e5 11. f5 b5 12. Qe1 Na5 13. cxb5 Rxb5 14. Rb1 c4 15. Nxc4
Nxc4 16. dxc4 Rb8 17. Bd3 Qc7 18. Bg5 Bb4 19. Qe2 Nd7 20. a3 Ba5 21. b4 f6 22.
Bd2 Ba6 23. bxa5 Nc5 24. Bb4 Nxd3 25. Bxf8 Nf4 26. Qd2 Rxf8 27. Rbc1 d3 28. Rf3
h5 29. Rxd3 Nxd3 30. Qxd3 h4 31. Nf1 Rd8 32. Qc3 Rd4 33. c5 Rxe4 34. Nd2 Rf4
35. Qb3+ Kh8 36. Nf3 e4 37. Ne1 Rf1# 0-1

[Event "Open La Lupa"]
[Site "Roma ITA"]
[Date "2010.05.11"]
[Round "2"]
[White "De Carolis, Maurizio"]
[Black "Bolla, Vittorio"]
[Result "0-1"]
[WhiteElo "1902"]
[BlackElo "1773"]
[PlyCount "93"]
[EventDate "2010.05.06"]

1. c4 c5 2. g3 Nc6 3. Bg2 g6 4. Nc3 Bg7 5. e3 e5 6. Nge2 Nge7 7. O-O O-O 8. d3
d6 9. a3 Be6 10. h3 Qd7 11. Kh2 d5 12. cxd5 Nxd5 13. Ne4 Qe7 14. Qc2 b6 15. b4
f5 16. N4c3 Nxc3 17. Nxc3 Rac8 18. b5 Na5 19. Nd5 Qf7 20. Nc3 Nb3 21. Rb1 Nxc1
22. Rbxc1 Rfd8 23. Rfe1 c4 24. dxc4 Rxc4 25. Bf1 Rc5 26. Qb1 e4 27. Ne2 Bc4 28.
Qb4 Rdc8 29. Nd4 Bxf1 30. Rxc5 bxc5 31. Qd2 cxd4 32. Rxf1 d3 33. a4 Rc2 34. Qa5
Qc7 35. Qa6 h6 36. Qxg6 Qd7 37. b6 axb6 38. Qxb6 Kh8 39. Qb4 Qc8 40. Qa3 Qc5
41. Qb3 Qc4 42. Qb8+ Kh7 43. a5 Rc1 44. Rxc1 Qxc1 45. a6 d2 46. a7 d1=Q 47. Qf4
0-1

[Event "Open La Lupa"]
[Site "Roma ITA"]
[Date "2010.05.11"]
[Round "2"]
[White "Di Dario, Dario"]
[Black "Battistelli, Alessandro"]
[Result "0-1"]
[WhiteElo "1773"]
[BlackElo "1886"]
[PlyCount "100"]
[EventDate "2010.05.06"]

1. d4 Nf6 2. Nf3 e6 3. e3 d5 4. Bd3 c5 5. b3 cxd4 6. exd4 Be7 7. O-O O-O 8. Re1
Nc6 9. Bb2 Qc7 10. a3 b6 11. Nbd2 Bb7 12. Rc1 Rac8 13. Ne5 Nxe5 14. dxe5 Nd7
15. Re3 Nc5 16. Bxh7+ Kxh7 17. Qh5+ Kg8 18. Rh3 f5 19. Qh8+ Kf7 20. Qh5+ g6 21.
Qh7+ Ke8 22. Qxg6+ Kd7 23. Rh7 Rce8 24. Nf3 Qd8 25. Nd4 Rg8 26. Qh5 Rh8 27. b4
Rxh7 28. Qxh7 Ne4 29. c4 Rh8 30. Qg6 Qg8 31. Qxg8 Rxg8 32. cxd5 Bxd5 33. Rd1
Nxf2 34. Kxf2 Rxg2+ 35. Ke3 Bg5+ 36. Kd3 Rxb2 37. Kc3 Rf2 38. h3 Ke7 39. b5 Kf7
40. Nc6 Ra2 41. Kb4 Bd2+ 42. Ka4 Rb2 43. Nd4 Bc3 44. Rd3 Bxd4 45. Rxd4 Re2 46.
Kb4 Re4 47. Kc3 Rxd4 48. Kxd4 Kg6 49. h4 Kh5 50. Ke3 Kxh4 0-1

[Event "Open La Lupa"]
[Site "Roma ITA"]
[Date "2010.05.11"]
[Round "2"]
[White "Dorascenzi, Angelo"]
[Black "Casella, Carlo"]
[Result "0-1"]
[WhiteElo "1428"]
[BlackElo "1679"]
[PlyCount "64"]
[EventDate "2010.05.06"]

1. e4 e5 2. Nf3 Nc6 3. d4 exd4 4. Nxd4 d6 5. Be2 Bd7 6. O-O Nf6 7. Nc3 Be7 8.
Re1 O-O 9. h3 h6 10. a3 Re8 11. Bf4 Qc8 12. Bc4 a6 13. Nf3 Bf8 14. Qd2 Ne5 15.
Bxe5 dxe5 16. Re2 Bd6 17. Qe1 Nh5 18. Rd2 Nf4 19. Ne2 Ne6 20. Rad1 Bc6 21. Nc3
b5 22. Bd5 Qb7 23. b4 a5 24. a4 Bxd5 25. Rxd5 bxa4 26. bxa5 Nc5 27. Rb1 Qc6 28.
Nd2 Rxa5 29. Rb5 Rxb5 30. Nxb5 Qxb5 31. Qa1 Qb4 32. Nf3 Qxe4 0-1

[Event "Open La Lupa"]
[Site "Roma ITA"]
[Date "2010.05.11"]
[Round "2"]
[White "Macri', Giuseppe"]
[Black "Romano, Marco Motraz"]
[Result "0-1"]
[WhiteElo "1260"]
[BlackElo "1615"]
[PlyCount "60"]
[EventDate "2010.05.06"]

1. e4 e5 2. Nf3 Nc6 3. Nc3 Nf6 4. d4 exd4 5. Nxd4 Bb4 6. a3 Bxc3+ 7. bxc3 Nxe4
8. Qe2 Nxd4 9. Qxe4+ Ne6 10. Bc4 O-O 11. O-O c6 12. Bd3 f5 13. Qf3 Qf6 14. Bd2
d5 15. Qg3 f4 16. Qh3 Ng5 17. Qh5 g6 18. Qh6 Ne4 19. Bxe4 dxe4 20. g3 f3 21.
Qf4 Qe7 22. Qe3 Bh3 23. Rfe1 Rad8 24. c4 c5 25. Ba5 b6 26. Bc3 Rfe8 27. Red1
Bc8 28. Rd5 Bb7 29. Rd2 Qe6 30. a4 Qh3 0-1

[Event "Open La Lupa"]
[Site "Roma ITA"]
[Date "2010.05.11"]
[Round "2"]
[White "Marelli, Emanuele"]
[Black "Cannavo', Giuseppe"]
[Result "1-0"]
[WhiteElo "1485"]
[BlackElo "1386"]
[PlyCount "45"]
[EventDate "2010.05.06"]

1. g3 d5 2. Bg2 Nf6 3. Nf3 e6 4. O-O c6 5. d4 Bd6 6. Nbd2 O-O 7. c4 dxc4 8.
Nxc4 Re8 9. Qc2 Be7 10. e4 c5 11. dxc5 Bxc5 12. Nce5 Qc7 13. Be3 Na6 14. Rac1
h6 15. Bxc5 Nxc5 16. Qxc5 Qxc5 17. Rxc5 Nxe4 18. Rc7 Nd6 19. Rd1 f6 20. Rxd6
fxe5 21. Nxe5 Rb8 22. Nd7 Rd8 23. Nf6+ 1-0

[Event "Open La Lupa"]
[Site "Roma ITA"]
[Date "2010.05.11"]
[Round "2"]
[White "Musmarra, Giovanni"]
[Black "Marta, Daniele"]
[Result "0-1"]
[WhiteElo "1638"]
[BlackElo "2055"]
[PlyCount "50"]
[EventDate "2010.05.06"]

1. e4 e6 2. d4 d5 3. Nd2 Nf6 4. e5 Nfd7 5. f4 c5 6. c3 Nc6 7. Ndf3 cxd4 8. cxd4
Bb4+ 9. Bd2 Qb6 10. Bc3 O-O 11. Bd3 f6 12. Ne2 fxe5 13. fxe5 Be7 14. Qc2 g6 15.
Bxg6 hxg6 16. Qxg6+ Kh8 17. Ng3 Rxf3 18. gxf3 Nf8 19. Qh6+ Nh7 20. Nh5 Bh4+ 21.
Kd1 Qc7 22. Rg1 Qf7 23. Nf6 Bxf6 24. exf6 Qxf6 25. Ke2 Qxh6 0-1

[Event "Open La Lupa"]
[Site "Roma ITA"]
[Date "2010.05.11"]
[Round "2"]
[White "Pardo, Paolo"]
[Black "Lami, Damiano"]
[Result "0-1"]
[WhiteElo "1706"]
[BlackElo "1494"]
[PlyCount "90"]
[EventDate "2010.05.06"]

1. e4 e5 2. d4 exd4 3. Qxd4 Nc6 4. Qe3 Nf6 5. Nc3 Bb4 6. Bd2 Qe7 7. O-O-O d6 8.
h3 Bd7 9. f3 O-O-O 10. Bb5 Bc5 11. Qe1 Nd4 12. Bxd7+ Qxd7 13. Be3 Ne6 14. e5
Ne8 15. exd6 Nxd6 16. Ne4 Bxe3+ 17. Qxe3 Nf5 18. Rxd7 Nxe3 19. Rxd8+ Rxd8 20.
Ne2 Nxg2 21. Rg1 Ngf4 22. Nxf4 Nxf4 23. Rh1 h6 24. h4 Rd5 25. b4 Ng6 26. h5 Nf4
27. Ng3 Kd7 28. Kb2 Rg5 29. Rh4 Rxg3 30. Rxf4 f6 31. c4 Rg5 32. Rh4 Rg3 33. Rf4
c6 34. a4 Rh3 35. Rg4 Rxh5 36. Rxg7+ Kc8 37. Rg8+ Kc7 38. Rg7+ Kb6 39. c5+ Ka6
40. Kc2 Rf5 41. Rh7 h5 42. Rh6 b6 43. cxb6 Kxb6 44. Kd2 a5 45. bxa5+ Kxa5 0-1

[Event "Open La Lupa"]
[Site "Roma ITA"]
[Date "2010.05.11"]
[Round "2"]
[White "Pedrinzani, Ivano"]
[Black "Andreozzi, Paolo"]
[Result "1-0"]
[WhiteElo "1896"]
[BlackElo "1752"]
[PlyCount "71"]
[EventDate "2010.05.06"]

1. e4 c5 2. Nc3 e6 3. g3 Nc6 4. Bg2 d6 5. d3 g6 6. f4 Bg7 7. Nf3 a6 8. Ne2 Qc7
9. c3 Nf6 10. O-O b6 11. e5 Nd7 12. d4 d5 13. Be3 c4 14. g4 h5 15. f5 gxf5 16.
gxf5 Nf8 17. Nh4 Rg8 18. Ng3 Bh8 19. Qxh5 Ra7 20. Rf4 Nxe5 21. dxe5 Bxe5 22.
Qf3 Bb7 23. Qf2 Bxf4 24. Bxf4 Qd8 25. Nf3 Ba8 26. Be3 Rb7 27. Bd4 b5 28. Re1 b4
29. Bh3 Qc8 30. Bc5 bxc3 31. bxc3 Nd7 32. fxe6 fxe6 33. Rxe6+ Kd8 34. Be7+ Ke8
35. Rd6 Rg7 36. Ne5 1-0

[Event "Open La Lupa"]
[Site "Roma ITA"]
[Date "2010.05.11"]
[Round "2"]
[White "Quimi, Marco"]
[Black "Maurizio, Antonio"]
[Result "1-0"]
[WhiteElo "2163"]
[BlackElo "1866"]
[PlyCount "69"]
[EventDate "2010.05.06"]

1. e4 e6 2. d4 d5 3. e5 c5 4. c3 Nc6 5. Nf3 Qb6 6. a3 c4 7. Nbd2 Na5 8. g3 f6
9. h4 Bd7 10. Bh3 O-O-O 11. exf6 Nxf6 12. O-O Bd6 13. Re1 Rde8 14. Ne5 Bc7 15.
Nxd7 Nxd7 16. Qg4 h5 17. Qg6 e5 18. Qxg7 Qc6 19. dxe5 Reg8 20. Qxd7+ Qxd7 21.
Bxd7+ Kxd7 22. Nf3 Nb3 23. Rb1 Nc5 24. Nd4 Re8 25. f4 Rhg8 26. Kh2 Ne4 27. Rxe4
dxe4 28. Be3 Bb6 29. Re1 Bxd4 30. Bxd4 Ke6 31. Rxe4 Kd5 32. Re3 b6 33. f5 Rg4
34. e6 Rgg8 35. e7 1-0

[Event "Open La Lupa"]
[Site "Roma ITA"]
[Date "2010.05.11"]
[Round "2"]
[White "Vannelli, Vittorio"]
[Black "Bogosaljevic, Miodrag"]
[Result "1-0"]
[WhiteElo "1810"]
[BlackElo "1898"]
[PlyCount "75"]
[EventDate "2010.05.06"]

1. e4 c5 2. Nf3 d6 3. d4 cxd4 4. Nxd4 Nf6 5. Nc3 g6 6. Be2 Bg7 7. Be3 O-O 8.
O-O a6 9. a4 Bd7 10. a5 Nc6 11. Nb3 Be6 12. Bb6 Qc8 13. f4 Nd7 14. Be3 Qc7 15.
Nd5 Bxd5 16. exd5 Na7 17. c3 Nc5 18. Nxc5 dxc5 19. Bc4 Nc8 20. f5 Nd6 21. Bd3
Rac8 22. fxg6 fxg6 23. Qg4 Rf6 24. Rxf6 Bxf6 25. Rf1 Kg7 26. h4 Rf8 27. h5 Qc8
28. Qg3 c4 29. Bc2 Qd8 30. hxg6 hxg6 31. Qh3 Rh8 32. Qe6 Qf8 33. Rxf6 exf6 34.
Qxd6 Rh5 35. Bd4 Rxd5 36. Bxf6+ Kh7 37. Qh2+ Rh5 38. Qxh5+ 1-0

[Event "Open La Lupa"]
[Site "Roma ITA"]
[Date "2010.05.11"]
[Round "2"]
[White "Zarfati, Daniele"]
[Black "Napoli, Alessandro"]
[Result "1-0"]
[WhiteElo "1568"]
[BlackElo "1431"]
[PlyCount "119"]
[EventDate "2010.05.06"]

1. d4 b6 2. c4 e6 3. Nf3 Bb7 4. Nc3 Bb4 5. Qb3 c5 6. a3 Ba5 7. d5 Bxc3+ 8. bxc3
h6 9. Bf4 Nf6 10. Rd1 O-O 11. Bd6 Re8 12. Bxc5 Ne4 13. Be3 e5 14. Nd2 Nd6 15.
Nf3 Nf5 16. Bc1 d6 17. e4 Ne7 18. Be3 f5 19. Bd3 Rf8 20. a4 Nd7 21. O-O f4 22.
Bc1 Nc5 23. Qb4 a5 24. Qa3 Ng6 25. Bc2 Nh4 26. Nxh4 Qxh4 27. f3 Rf6 28. Qb2 Ba6
29. Qxb6 Bxc4 30. Qc6 Ra6 31. Qc7 Bxf1 32. Kxf1 Qxh2 33. Ba3 Rg6 34. Qc8+ Kh7
35. Qh3 Qxh3 36. gxh3 Rg3 37. Bxc5 dxc5 38. d6 Rg6 39. d7 Rad6 40. d8=Q Rxd8
41. Rxd8 Rg3 42. Kf2 Rxh3 43. Bb3 Rh2+ 44. Ke1 Kg6 45. Rc8 h5 46. Rxc5 h4 47.
Rxe5 h3 48. Be6 Rh1+ 49. Kf2 h2 50. Kg2 Rc1 51. Kxh2 Rxc3 52. Bf5+ Kf7 53. Bg4
Rc2+ 54. Kh3 Kf6 55. Rxa5 Rc1 56. e5+ Ke7 57. Ra7+ Kf8 58. e6 Re1 59. e7+ Ke8
60. Bh5+ 1-0

[Event "Open La Lupa"]
[Site "Roma ITA"]
[Date "2010.05.20"]
[Round "3"]
[White "Andreozzi, Paolo"]
[Black "Romano, Marco Motraz"]
[Result "0-1"]
[WhiteElo "1752"]
[BlackElo "1615"]
[PlyCount "72"]
[EventDate "2010.05.06"]

1. d4 Nf6 2. Nf3 g6 3. c4 Bg7 4. Nc3 O-O 5. e4 d6 6. Bd3 Nbd7 7. b4 c5 8. bxc5
dxc5 9. e5 Ng4 10. h3 cxd4 11. hxg4 dxc3 12. Qc2 Nxe5 13. Nxe5 Bxe5 14. Bh6 Re8
15. f4 Bd4 16. f5 Qd6 17. Rh3 Bd7 18. Kf1 e5 19. Re1 a6 20. c5 Bxc5 21. fxg6
hxg6 22. Be2 Bc6 23. Bg5 Bb5 24. Bxb5 axb5 25. Rd1 Qa6 26. Qxc3 b4+ 27. Qd3
Qxa2 28. Rd2 Qe6 29. Qf3 Ra1+ 30. Ke2 Qc4+ 31. Rd3 e4 32. Rh8+ Kxh8 33. Qf6+
Kg8 34. Qxa1 exd3+ 35. Kf3 Qe4+ 36. Kg3 Qe5+ 0-1

[Event "Open La Lupa"]
[Site "Roma ITA"]
[Date "2010.05.20"]
[Round "3"]
[White "Battistelli, Alessandro"]
[Black "Castellano, Lorenzo"]
[Result "1/2-1/2"]
[WhiteElo "1886"]
[BlackElo "1869"]
[PlyCount "64"]
[EventDate "2010.05.06"]

1. d4 Nf6 2. c4 g6 3. Nc3 Bg7 4. e4 d6 5. Nf3 O-O 6. Be2 Nbd7 7. O-O e5 8. dxe5
dxe5 9. Qc2 c6 10. Rd1 Qe7 11. h3 h6 12. a4 a5 13. b3 Nc5 14. Ba3 b6 15. Ne1
Be6 16. Bf3 Nfd7 17. Nd3 Qg5 18. Nxc5 Nxc5 19. Bxc5 bxc5 20. Qd2 Qxd2 21. Rxd2
Rab8 22. Bd1 Rfd8 23. Raa2 Rd4 24. Kf1 Rbd8 25. Ke1 h5 26. Ne2 Bh6 27. f4 Rxd2
28. Rxd2 Rxd2 29. Kxd2 exf4 30. Ke1 f3 31. gxf3 Bxh3 32. Kf2 Bd2 1/2-1/2

[Event "Open La Lupa"]
[Site "Roma ITA"]
[Date "2010.05.20"]
[Round "3"]
[White "Bolla, Vittorio"]
[Black "Quimi, Marco"]
[Result "0-1"]
[WhiteElo "1773"]
[BlackElo "2163"]
[PlyCount "67"]
[EventDate "2010.05.06"]

1. e4 c5 2. Nf3 Nc6 3. Bb5 g6 4. O-O Bg7 5. c3 Nf6 6. Re1 O-O 7. d4 cxd4 8.
cxd4 d5 9. e5 Ne4 10. Bd3 Bf5 11. Nbd2 Nxd2 12. Qxd2 Bg4 13. Be2 Qb6 14. Rd1
Rac8 15. h3 Bf5 16. g4 Be6 17. b3 Nb4 18. Bd3 Nxd3 19. Qxd3 f6 20. Ba3 Rfe8 21.
Bc5 Qa5 22. b4 Qa4 23. Qb3 Qxb3 24. axb3 b6 25. Rxa7 bxc5 26. bxc5 fxe5 27. b4
exd4 28. Nxd4 Bxd4 29. Rxd4 Bf7 30. f4 e5 31. fxe5 Rxe5 32. Rf4 Be6 33. Kf2 Rb8
34. c6 0-1